مداخل جديدة لسياسة الأفراد من أجل التنمية / (Record no. 58286)
[ view plain ]
| 000 -LEADER | |
|---|---|
| fixed length control field | 01332nam a2200337 i 4500 |
| 003 - CONTROL NUMBER IDENTIFIER | |
| control field | EG-GICUC |
| 005 - DATE AND TIME OF LATEST TRANSACTION | |
| control field | 20260121130517.0 |
| 008 - FIXED-LENGTH DATA ELEMENTS--GENERAL INFORMATION | |
| fixed length control field | 260120s1978 ua ||||f |||| 00| 0 ara d |
| 040 ## - CATALOGING SOURCE | |
| Original cataloging agency | EG-GICUC |
| Language of cataloging | ara |
| Transcribing agency | EG-GICUC |
| Modifying agency | EG-GICUC |
| Description conventions | rda |
| 041 ## - LANGUAGE CODE | |
| Language code of text/sound track or separate title | ara |
| 082 04 - DEWEY DECIMAL CLASSIFICATION NUMBER | |
| Edition number | 21 |
| Classification number | 345.4 |
| Item number | ص ل . م |
| 092 04 - LOCALLY ASSIGNED DEWEY CALL NUMBER (OCLC) | |
| Edition number | 21 |
| 099 ## - LOCAL FREE-TEXT CALL NUMBER (OCLC) | |
| Classification number | Law1 07 345.4 ص ل . م 1978 |
| 100 0# - MAIN ENTRY--PERSONAL NAME | |
| Personal name | صلاح الدين عبد العزيز |
| Relator term | معد. |
| 245 10 - TITLE STATEMENT | |
| Title | مداخل جديدة لسياسة الأفراد من أجل التنمية / |
| Statement of responsibility, etc. | عرض وإعداد صلاح الدين عبد العزيز . |
| 246 ## - VARYING FORM OF TITLE | |
| Title proper/short title | New Approaches to Perssonnel Policy for Development |
| 264 #1 - PRODUCTION, PUBLICATION, DISTRIBUTION, MANUFACTURE, AND COPYRIGHT NOTICE | |
| Place of production, publication, distribution, manufacture | القاهرة : |
| Name of producer, publisher, distributor, manufacturer | المنظمة العربية للعلوم الإدارية ، |
| Date of production, publication, distribution, manufacture, or copyright notice | 1978 . |
| 300 ## - PHYSICAL DESCRIPTION | |
| Extent | 74 ؛ صفحة |
| Dimensions | 24 سم |
| 336 ## - CONTENT TYPE | |
| Source | rda content |
| Content type term | text |
| 337 ## - MEDIA TYPE | |
| Source | rda media |
| Media type term | Computer |
| 338 ## - CARRIER TYPE | |
| Source | rda carrier |
| Carrier type term | Online Resource |
| 490 ## - SERIES STATEMENT | |
| Series statement | سلسلة الفكر الإداري المعاصر |
| Volume/sequential designation | 28 |
| 504 ## - BIBLIOGRAPHY, ETC. NOTE | |
| Bibliography, etc. note | . 74-73 ببليوجرافيا: صفحات. |
| 650 14 - SUBJECT ADDED ENTRY--TOPICAL TERM | |
| Topical term or geographic name entry element | الوظائف العامة |
| Source of heading or term | qrmak |
| 650 14 - SUBJECT ADDED ENTRY--TOPICAL TERM | |
| Topical term or geographic name entry element | القانون الإداري |
| 651 1# - SUBJECT ADDED ENTRY--GEOGRAPHIC NAME | |
| Source of heading or term | qrmak |
| 830 ## - SERIES ADDED ENTRY--UNIFORM TITLE | |
| Uniform title | سلسلة الفكر الإداري المعاصر |
| Volume/sequential designation | 28 |
| 856 40 - ELECTRONIC LOCATION AND ACCESS | |
| Uniform Resource Identifier | <a href="https://fll.law.cu.edu.eg/fulltext/bks/B07-00215.pdf">https://fll.law.cu.edu.eg/fulltext/bks/B07-00215.pdf</a> |
| 905 ## - Cataloger and Reviser Names | |
| Cataloger Name: | Yasmin Essam |
| 942 ## - ADDED ENTRY ELEMENTS (KOHA) | |
| Source of classification or shelving scheme | Dewey Decimal Classification |
| Koha item type | Books |
| Edition | 21 |
| Suppress in OPAC | No |
| Withdrawn status | Lost status | Source of classification or shelving scheme | Materials specified (bound volume or other part) | Damaged status | Not for loan | Collection | Home library | Current library | Date acquired | Total checkouts | Full call number | Barcode | Date last seen | Copy number | Price effective from | Koha item type |
|---|---|---|---|---|---|---|---|---|---|---|---|---|---|---|---|---|
| Dewey Decimal Classification | V28 | Not for loan | القانون الإداري | جــــامعة القــاهرة | مكتبة كلية الحقوق - المبنى الرئيسي | 20.01.2026 | Law1 07 345.4 ص ل . م 1978 0700215 V28, C1 | B07-00215 | 20.01.2026 | 1 | 20.01.2026 | Books | ||||
| Dewey Decimal Classification | القانون الإداري | جــــامعة القــاهرة | مكتبة كلية الحقوق - المبنى الرئيسي | 27.04.2026 | Law1 07 345.4 ص ل . م 1978 0700211 V28, C2 | B07-00211 | 27.04.2026 | 2 | 27.04.2026 | Books | ||||||
| Dewey Decimal Classification | جــــامعة القــاهرة | مكتبة كلية الحقوق - فـرع الشيخ زايد | 27.04.2026 | Law2 07 345.4 ص ل . م 1978 0700206 V28, C3 | B07-00206 | 27.04.2026 | 3 | 27.04.2026 | Books |